000 00715cam a22002293a 4500
001 6030
003 PGUSA
005 20140828083127.0
008 040701s2004||||xxu|||||s|||||000 1 eng d
040 _aPGUSA
_beng
042 _adc
050 4 _aPZ
100 1 _aTrue, John Preston,
_d1859-1933
245 1 4 _aThe Iron Star — And What It Saw on Its Journey Through the Ages :
_bFrom Myth to History
_h[electronic resource] /
_cJohn Preston True
260 _bProject Gutenberg,
_c2004
506 _aPublic domain in the USA.
516 _aElectronic text
653 _aIron -- History -- Juvenile fiction
830 0 _aProject Gutenberg
_v6030
856 4 0 _uhttp://www.gutenberg.org/ebooks/6030
942 _cEB
999 _c235358
_d235358